DEVELOPMENTAL DISABILITIES (Record no. 14916)

MARC details
000 -LEADER
fixed length control field 00229nam a22001097a 4500
003 - CONTROL NUMBER IDENTIFIER
control field SGT
082 ## - DEWEY DECIMAL CLASSIFICATION NUMBER
Classification number 616.89
Item number D15W
100 ## - MAIN ENTRY--PERSONAL NAME
Personal name WILSON, HARVEY
245 ## - TITLE STATEMENT
Title DEVELOPMENTAL DISABILITIES
260 ## - PUBLICATION, DISTRIBUTION, ETC. (IMPRINT)
Place of publication, distribution, etc JERSEY
Name of publisher, distributor, etc FA
942 ## - ADDED ENTRY ELEMENTS (KOHA)
Source of classification or shelving scheme Dewey Decimal Classification
Koha item type Books
Holdings
Withdrawn status Lost status Source of classification or shelving scheme Damaged status Not for loan Collection code Home library Current library Shelving location Date acquired Vendor Name SGTU Total Checkouts Full call number Accession No. (Barcode) Date last seen Bill Date Koha item type
    Dewey Decimal Classification     MEDICAL SGT Medical Library SGT Medical Library Reference Book 30/01/2018 ABC SGTU   616.89 D15W FM9790 30/01/2018 30/01/2018 Books